Aktualizované ročné zúčtovanie preddavkov na daň z príjmov zo závislej činnosti a funkčných požitkov za rok 1995 s praktickými príkladmi
Na minha lista:
| Autor principal: | |
|---|---|
| Formato: | Livro |
| Idioma: | eslovaco |
| Publicado em: |
Bratislava
EPOS
1996
|
| Edição: | 1. vyd. |
| Assuntos: | |
| Tags: |
Sem tags, seja o primeiro a adicionar uma tag!
|
MARC
| LEADER | 00000nam a2200000 4500 | ||
|---|---|---|---|
| 001 | c013166 | ||
| 005 | 20221128072450.5 | ||
| 020 | |a 80-88810-28-0 | ||
| 041 | 0 | |a slo | |
| 044 | |a SK | ||
| 245 | 1 | 0 | |a Aktualizované ročné zúčtovanie preddavkov na daň z príjmov zo závislej činnosti a funkčných požitkov za rok 1995 s praktickými príkladmi |c Dagmar Piršelová |
| 250 | |a 1. vyd. | ||
| 264 | 1 | |a Bratislava |b EPOS |c 1996 | |
| 300 | |a 56 s. | ||
| 610 | 2 | 0 | |a preddavky |
| 610 | 2 | 0 | |a dane z príjmov |
| 610 | 2 | 0 | |a účtovanie |
| 610 | 2 | 0 | |a 1995 |
| 100 | 1 | |a Piršelová, Dagmar | |